000 00437nam a22001817a 4500
005 20260204132413.0
008 260204b |||||||| |||| 00| 0 eng d
020 _a9788123928395
_c695.00
040 _aMAIN
041 _aEnglish
082 _a610.28
_bREI
100 _aReilly, M.J.
_926185
245 _aBioinstrumentation
260 _aNew Delhi
_bCBS
_c2018
300 _a464
650 _aEnvironment Science
_9310
942 _cBK
999 _c60225
_d60225